00532pab a2200169 454500008004000000100002400040245003900064260000900103300001300112362001100125650004200136650001400178773003400192909001100226999001900237952010600256180718b2017 xxu||||| |||| 00| 0 eng d aNoronha, Frederick  aCarrying on a dubious game in Goa? c2017 ap.22-25. a25 Mar aGoa. Legislative Assembly - elections aElections aEconomic and Political Weekly a114199 c114193d114193 00104070aIIPAbIIPAd2018-07-19hVolume no: 52, Issue no: 12pAR114659r2018-07-19w2018-07-19yAR